Представление документа в формате MARC21

Поле Инд. ПП Название Значение
Тип записи a
Библиографический уровень m
001 Контрольный номер RU/IS/BASE/102175616
005 Дата корректировки 20250703102703.7
022 a ISSN 0130-3848
041 a Код языка текста rus
084 a Индекс другой классификации/Индекс ББК 65.291
090 a Полочн. индекс 95.2
097 00 a 110
245 00 a Заглавие РИСК: ресурсы, информация, снабжение, конкуренция
b Продолж. заглавия аналитический журнал
c Ответственность учредители: Федер. контракт. корпор. "Росконтракт", Ин-т исслед. товародвижения и конъюнктуры оптового рынка (ИТКОР) [и др.]
n Номер части/ раздела №1/2003
260 00 a Место издания Москва
b Издательство Ресурс-Инфо
c Дата издания 2003
300 a Объем 116 с.
500 00 a Примечание Журнал
650 a Основная рубрика экономика
a Основная рубрика экономика предприятия
653 a Ключевые слова логистика
a Ключевые слова маркетинг
a Ключевые слова менеджмент (управление предприятием)
a Ключевые слова производство
a Ключевые слова товародвижение
a Ключевые слова управление рисками (риск-менеджмент)
773 w Контрольный № источника RU/IS/BASE/407514096
901 t Тип документа s
952 a Тип литературы для КСУ ВШ НЖ